000 00832nam a2200205Ia 4500
001 22923
003 GE_BSU
008 181216s||||||||xx |||||||||||||| ||und||
040 _cGE_BSU
080 _aპერიოდიკა
245 _aსაქართველოს საინჟინრო სიახლენი. № 4 (vol.64). 2015
245 _cრედაქტორი: ვლადიმირ დოლიძე
260 _aთბილისი
260 _c2018
300 _a124გვ. 30სმ.
520 _aტექსტი ქართულ, რუსულ და ინგლისურ ენებზე.
653 _aGeorgian engineering news ჟურნალი:
653 _aსაქართველოს საინჟინრო სიახლენი
942 _cCR
999 _c55826
_d55826